000 00417nam a22001697a 4500
005 20160429105358.0
008 160429b xxu||||| |||| 00| 0 eng d
020 _a81-2031472-7
041 _aeng
082 _b00768
100 _aFeher, Kamilo
_9215
245 _aWireless Digital Communications
260 _aNew Delhi
_bPHI Pvt Ltd.
_c2004
300 _a524
650 _aInformation Technology
_9137
942 _cBK
999 _c240
_d240